000
00270nam a2200109Ia 4500
008
220204s9999 xx 000 0 und d
082
_a
791.44.071.1
_b
REY
100
_a
Reynetson, A J
245
0
_a
Work of the film director
260
_a
London
_b
Focal
_c
1970
942
_c
BK
999
_c
29134
_d
29134